[Event "IRL-ch 102nd"]
[Site "Dublin"]
[Date "2023.08.10"]
[Round "6"]
[White "Fox, Anthony"]
[Black "Nolan, Dermot"]
[Result "1-0"]
[WhiteElo "1896"]
[BlackElo "1904"]
[PlyCount "114"]
[EventDate "2023.08.05"]
[EventType "swiss"]
[EventRounds "9"]
[EventCountry "IRL"]
[SourceTitle "CBM 215 Extra"]
[Source "ChessBase"]
[SourceDate "2023.09.30"]
[SourceVersion "1"]
[SourceVersionDate "2023.09.30"]
[SourceQuality "1"]

1. e4 c5 2. Nc3 Nc6 3. Bb5 Nd4 4. Nf3 a6 5. Bd3 Nc6 6. a4 d6 7. h3 Nf6 8. 0-0 e6 9. Re1 Be7 10. Bf1 0-0 11. d4 cxd4 12. Nxd4 e5 13. Nb3 h6 14. Be3 Be6 15. Nd5 Bxd5 16. exd5 Nb8 17. a5 Nbd7 18. c4 Ne8 19. f4 Bh4 20. Re2 exf4 21. Bxf4 Qf6 22. Qd4 Qf5 23. Qd2 Ndf6 24. Nd4 Qg6 25. Nf3 Bg3 26. Bxg3 Qxg3 27. Ra3 Qg6 28. Nh4 Qh5 29. Qd4 Nd7 30. Rf3 f5 31. Re7 Ne5 32. Rb3 Qg5 33. Rbxb7 f4 34. Qf2 f3 35. g3 Qc1 36. Kh2 g5 37. b3 Rf6 38. c5 gxh4 39. gxh4 Rg6 40. c6 Qf4+ 41. Kh1 Nf6 42. Qa7 Rf8 43. Rg7+ Rxg7 44. Rxg7+ Kh8 45. Rg1 Nfg4 46. hxg4 Nxg4 47. Rxg4 Qxg4 48. Qf2 Qe4 49. c7 Qxd5 50. Qb2+ Kh7 51. Qc2+ Kg7 52. Qc3+ Kg6 53. c8R f2+ 54. Kh2 Rf3 55. Rg8+ Kh5 56. Qg7 Qf5 57. Qe7 Qf4+ 1-0

[Event "IRL-ch 102nd"]
[Site "Dublin"]
[Date "2023.08.05"]
[Round "1"]
[White "Melaugh, Shane"]
[Black "Nolan, Dermot"]
[Result "1/2-1/2"]
[WhiteElo "2110"]
[BlackElo "1904"]
[PlyCount "113"]
[EventDate "2023.08.05"]
[EventType "swiss"]
[EventRounds "9"]
[EventCountry "IRL"]
[SourceTitle "CBM 215 Extra"]
[Source "ChessBase"]
[SourceDate "2023.09.30"]
[SourceVersion "1"]
[SourceVersionDate "2023.09.30"]
[SourceQuality "1"]

1. c4 Nf6 2. Nc3 g6 3. g3 Bg7 4. Bg2 0-0 5. e3 d6 6. Nge2 c5 7. d4 Nc6 8. 0-0 Rb8 9. b3 Bd7 10. dxc5 dxc5 11. e4 b6 12. h3 Ne8 13. Be3 Nc7 14. Qd2 Qc8 15. Kh2 Rd8 16. Rae1 Bg4 17. Nd5 Bxe2 18. Qxe2 Ne6 19. e5 Bxe5 20. f4 Ned4 21. Bxd4 Bxd4 22. Nxe7+ Nxe7 23. Qxe7 Rd7 24. Qg5 Qd8 25. Qg4 f5 26. Qe2 Qf6 27. Bd5+ Kg7 28. Qd1 Re7 29. Rxe7+ Qxe7 30. Re1 Qf8 31. Qe2 Bf6 32. Qe6 Rd8 33. Qc6 Qd6 34. Qa4 Qd7 35. Qa6 Qc7 36. Re6 Rd7 37. Kg2 Re7 38. Kf3 Rxe6 39. Bxe6 h5 40. Qa4 Kf8 41. Qa6 Bd4 42. h4 Qc6+ 43. Bd5 Qc7 44. a4 Bc3 45. Bb7 Qb8 46. Kg2 Bb4 47. Kh3 Bc3 48. Kh2 Be1 49. Bc6 Qc7 50. Bd5 Bc3 51. Kg2 Be1 52. Kh3 Bc3 53. Qb5 Be1 54. Kg2 Bc3 55. Qc6 Qxc6 56. Bxc6 Ke7 57. Kf2 1/2-1/2

[Event "IRL-ch"]
[Site "Dublin"]
[Date "2018.08.12"]
[Round "9.17"]
[White "Nolan, Dermot"]
[Black "Kennedy, John"]
[Result "1/2-1/2"]
[WhiteElo "1841"]
[BlackElo "2077"]
[PlyCount "108"]
[EventDate "2018.08.04"]
[EventType "swiss"]
[EventRounds "9"]
[EventCountry "IRL"]
[SourceTitle "EXT 2023"]
[Source "ChessBase"]
[SourceDate "2022.10.05"]
[SourceVersion "1"]
[SourceVersionDate "2022.10.05"]
[SourceQuality "1"]

1. e4 c5 2. Nf3 d6 3. d4 cxd4 4. Nxd4 Nf6 5. Nc3 a6 6. Bg5 e6 7. f4 b5 8. Qf3 Bb7 9. Bd3 Nbd7 10. 0-0-0 Be7 11. Rhe1 Qa5 12. Kb1 b4 13. Nce2 0-0 14. g4 Rfc8 15. Bxf6 Bxf6 16. g5 Be7 17. h4 Nc5 18. f5 Nxd3 19. cxd3 e5 20. f6 exd4 21. fxe7 Qe5 22. Rf1 Qxe7 23. Nxd4 Rc7 24. Nf5 Qe5 25. Rc1 Rac8 26. Rxc7 Rxc7 27. Qf4 Rd7 28. Qe3 d5 29. exd5 Qxe3 30. Nxe3 Bxd5 31. Nxd5 Rxd5 32. Kc2 Rd4 33. Re1 f5 34. gxf6 gxf6 35. Re4 Rxe4 36. dxe4 Kf7 37. Kb3 Ke6 38. Kxb4 Ke5 39. Kc3 Kxe4 40. b4 Ke3 41. a4 f5 42. b5 axb5 43. axb5 f4 44. b6 f3 45. b7 f2 46. b8Q f1Q 47. Qe5+ Kf2 48. Qf5+ Kg2 49. Qxh7 Qf6+ 50. Kd2 Qd4+ 51. Ke2 Qe5+ 52. Kd3 Kh3 53. h5 Kh4 54. h6 Kh5 1/2-1/2

[Event "Glorney Cup"]
[Site "Cardiff"]
[Date "2017.07.26"]
[Round "5.15"]
[White "Bond, Alexander"]
[Black "Nolan, Dermot"]
[Result "1/2-1/2"]
[WhiteElo "1831"]
[BlackElo "1655"]
[PlyCount "66"]
[EventDate "2017.07.24"]
[EventType "team-tourn"]
[EventRounds "5"]
[EventCountry "WLS"]
[SourceTitle "CBM 179 Extra"]
[Source "ChessBase"]
[SourceDate "2017.08.23"]
[SourceVersion "1"]
[SourceVersionDate "2017.08.23"]
[SourceQuality "1"]
[WhiteTeam "Scotland"]
[BlackTeam "Ireland II"]
[WhiteTeamCountry "SCO"]
[BlackTeamCountry "IRL"]

1. d4 Nf6 2. c4 g6 3. g3 Bg7 4. Bg2 0-0 5. Nf3 d6 6. Nc3 Nbd7 7. 0-0 e5 8. e4 exd4 9. Nxd4 Re8 10. h3 Rb8 11. Be3 a6 12. Qc2 c5 13. Nb3 Ne5 14. Nd2 b5 15. cxb5 axb5 16. Rfd1 b4 17. Na4 Ba6 18. Nf3 Nxf3+ 19. Bxf3 Qe7 20. Bf4 Rbd8 21. Rd2 Bb7 22. Re1 Nd5 23. Be3 Nxe3 24. fxe3 Bxe4 25. Bxe4 Qxe4 26. Qxe4 Rxe4 27. Nxc5 Re7 28. Nd3 Re4 29. Kf2 Ra8 30. Kf3 f5 31. Nc1 Ra6 32. Rc2 Ra8 33. Rd1 Be5 1/2-1/2

[Event "Glorney Cup"]
[Site "Cardiff"]
[Date "2017.07.25"]
[Round "3.10"]
[White "Forster, Matthew"]
[Black "Nolan, Dermot"]
[Result "1-0"]
[WhiteElo "1982"]
[BlackElo "1655"]
[PlyCount "75"]
[EventDate "2017.07.24"]
[EventType "team-tourn"]
[EventRounds "5"]
[EventCountry "WLS"]
[SourceTitle "CBM 179 Extra"]
[Source "ChessBase"]
[SourceDate "2017.08.23"]
[SourceVersion "1"]
[SourceVersionDate "2017.08.23"]
[SourceQuality "1"]
[WhiteTeam "England"]
[BlackTeam "Ireland II"]
[WhiteTeamCountry "ENG"]
[BlackTeamCountry "IRL"]

1. c4 Nf6 2. g3 g6 3. Bg2 Bg7 4. Nc3 0-0 5. Nf3 d6 6. 0-0 Nbd7 7. d3 e5 8. Rb1 a5 9. a3 Nh5 10. b4 axb4 11. axb4 f5 12. Ng5 Ndf6 13. Qb3 Kh8 14. c5 Qe8 15. Nd5 Qd7 16. cxd6 Qxd6 17. Be3 Nd7 18. Rfc1 c6 19. Bc5 Nxc5 20. bxc5 Qd8 21. Nb6 Qxg5 22. Nxa8 Re8 23. Nb6 Be6 24. Nc4 Re7 25. Qa3 Bxc4 26. Rxc4 h6 27. Qa8+ Kh7 28. Rxb7 Rxb7 29. Qxb7 f4 30. Qxc6 fxg3 31. hxg3 Qd2 32. Bf3 Nf6 33. Qa8 e4 34. dxe4 h5 35. e5 Qe1+ 36. Kg2 Ng4 37. Bxg4 hxg4 38. Qe4 1-0

[Event "Glorney Cup"]
[Site "Cardiff"]
[Date "2017.07.24"]
[Round "1.5"]
[White "Nolan, Dermot"]
[Black "Scott, Luke"]
[Result "1-0"]
[WhiteElo "1655"]
[BlackElo "1748"]
[PlyCount "107"]
[EventDate "2017.07.24"]
[EventType "team-tourn"]
[EventRounds "5"]
[EventCountry "WLS"]
[SourceTitle "CBM 179 Extra"]
[Source "ChessBase"]
[SourceDate "2017.08.23"]
[SourceVersion "1"]
[SourceVersionDate "2017.08.23"]
[SourceQuality "1"]
[WhiteTeam "Ireland II"]
[BlackTeam "Ireland"]
[WhiteTeamCountry "IRL"]
[BlackTeamCountry "IRL"]

1. e4 e6 2. d4 d5 3. Nc3 Nf6 4. e5 Nfd7 5. f4 c5 6. Nf3 Nc6 7. Be3 Be7 8. Qd2 0-0 9. 0-0-0 c4 10. Qe1 b5 11. g4 b4 12. Ne2 Qa5 13. Kb1 Rb8 14. f5 Rb6 15. fxe6 fxe6 16. Ng5 c3 17. Nxe6 Rf3 18. Rd3 Ba6 19. Bg2 Rf7 20. Rd1 Bxe2 21. Qxe2 Ra6 22. Bxd5 Qxd5 23. Qxa6 Nb6 24. Nf4 Qe4 25. Qd3 Qxd3 26. Nxd3 Nd5 27. Bf2 a5 28. Rhf1 Rf8 29. Bg1 Rc8 30. b3 Bg5 31. Rf3 Na7 32. Rdf1 Nb5 33. Ne1 Na3+ 34. Ka1 Bc1 35. Nd3 Bd2 36. h3 Nc7 37. Bf2 Nxc2+ 38. Kb1 Na3+ 39. Ka1 Ncb5 40. Ne1 c2 41. Nd3 c1Q+ 42. Nxc1 Nc2+ 43. Kb2 Nca3 44. Ne2 Rc2+ 45. Ka1 Rc8 46. Kb2 Rc2+ 47. Ka1 Rc8 48. Bg1 h6 49. e6 Re8 50. d5 Bg5 51. Bc5 Bf6+ 52. Rxf6 gxf6 53. Rxf6 Nc7 54. e7 1-0